000 00570nam a22001457a 4500
020 _a817992582X
082 _a200.922
100 _aIra Rifkin (editor)
245 _a75 People who changed the world
260 _aAhmedabad
_bJaico publishing house
_c2010
300 _a277p
942 _cBK
999 _c2999
_d2999